000 00354 a2200169 4500
001 191747
020 _a978-85-262-4207-54
040 _cMagnum
100 _aEscott, John
240 1 0 _aRobin hood
_lpor
245 1 0 _aRobin hood
300 _a110
362 0 _a2012
440 1 _aScipione
697 _aLITERATURA JUVENIL ESTRANGEIRA
942 _cBK
999 _c191747
_d191747